|
|
|
|
| LEADER |
01059nam a2200265 u 4500 |
| 001 |
10020783 |
| 003 |
upatras |
| 005 |
20210117205457.0 |
| 008 |
990309s1996 uk eng |
| 020 |
|
|
|a 1856042049
|
| 040 |
|
|
|a GR-PaULI
|c GR-PaULI
|
| 041 |
0 |
|
|a eng
|
| 082 |
0 |
4 |
|a 027.7
|
| 245 |
1 |
0 |
|a Providing customer - oriented services in academic libraries
|c edited by Chris Pinder and Maxine Melling
|
| 260 |
|
|
|a London
|b Library Association Publishing
|c 1996
|
| 300 |
|
|
|a xviii, 187 p.
|c 24 cm.
|
| 504 |
|
|
|a Includes references and index
|
| 650 |
|
4 |
|9 7394
|a Ακαδημαϊκές βιβλιοθήκες
|x Συνέδρια
|
| 700 |
1 |
|
|a Pinder, Chris
|4 edt
|9 145001
|
| 700 |
1 |
|
|a Melling, Maxine
|4 edt
|9 145002
|
| 852 |
|
|
|a GR-PaULI
|b ΠΑΤΡΑ
|b ΒΚΠ
|b ΓΡΑ
|k ΑΣΧΞ
|h 027. 7 P
|m 041375
|p 025000004634
|t 1
|
| 942 |
|
|
|2 ddc
|c BK15
|
| 952 |
|
|
|0 0
|1 0
|4 0
|6 027_000000000000000__7_P
|7 0
|9 181060
|a LISP
|b LISP
|c ADM
|d 2016-04-24
|i 041375
|l 0
|o 027. 7 P
|p 025000004634
|r 2016-04-24 00:00:00
|t 1
|w 2016-04-24
|y BK15
|
| 998 |
|
|
|c ΗΛΙΟΠΟΥΛΟΥ
|d 1999-03
|
| 999 |
|
|
|c 111927
|d 111927
|